Score 0/32 Timer 01:00
0 Plays Today
% Correct
New York
79.2%
Miami
76.8%
New England
76.7%
Green Bay
76.7%
Seattle
76.6%
Dallas
76.4%
Buffalo
76.4%
Chicago
76.3%
Denver
76.2%
Pittsburgh
76%
San Francisco
75.9%
Minnesota
75.8%
New Orleans
75.4%
Cleveland
75.1%
Detroit
75.1%
Washington
75.1%
% Correct
Baltimore
75%
Philadelphia
74.8%
Kansas City
74.6%
Cincinnati
74.3%
Tennessee
74.1%
Indianapolis
73.9%
Tampa Bay
73.9%
Jacksonville
73.9%
Atlanta
73.9%
Houston
73.8%
New York
73.4%
Carolina
72.9%
Las Vegas
72.2%
Arizona
72.1%
Los Angeles
71%
Los Angeles
70.9%

You're not logged in!

Compare scores with friends on all Sporcle quizzes.
OR
Log In

Sporcle TV

Today on Sporcle TV


Watch our educational content, quiz creation guides, and fun videos on Sporcle TV.

Show Comments

Extras

Top Quizzes Today


Score Distribution

Paid Content

Your Account Isn't Verified!

In order to create a playlist on Sporcle, you need to verify the email address you used during registration. Go to your Sporcle Settings to finish the process.

Report this User

Report this user for behavior that violates our Community Guidelines.

Details: